000 00458nam a2200169 a 4500
005 20140310183153.0
008 021015s19uu xx 00 eng d
020 _a0345405072
050 _aPS 3553.R48
_b.C928 1996
100 _aCrichton, Michael
245 _aThe Lost world /
_cMichael Crichton.
260 _aNew York ;
_bBallantine Books,
_c1996.
300 _a430 p. :
_c17 cm.
650 _aDinosaurs
_xfiction
942 _cBK
_2lcc
999 _c19685
_d19685